000 00443pab a2200157 454500
008 180718b1998 xxu||||| |||| 00| 0 eng d
100 _aYates, Janet K.
245 _aUsing decision support systems for delay analysis: the project management perception program
260 _c1998
300 _ap.29-38
362 _aJun
650 _aProject management
700 _aAudi, John H.
773 _aProject Management Journal
909 _a47825
999 _c47825
_d47825